Quantum probability and applications to the quantum theory of irreversible processes: proceedings of the International Workshop

Saved in:
Bibliografiske detaljer
Main Authors: Accardi, Luigi (Author), Frigerio, Alberto (Author), Gorini, Vittorio (Author)
Format: Bog
Sprog:engelsk
Udgivet: Berlín Springer-Verlag 1984
Serier:Lecture notes in mathematics, 1055
Fag:
Tags: Tilføj Tag
Ingen Tags, Vær først til at tagge denne postø!

MARC

LEADER 00000nam a2200000 a 4500
001 UCQ8480
003 CL-VaPUC
005 20211028074310.0
008 981210e19840000gw 1 eng d
082 0 4 |a 530.12  |b ACC  |2 21 
100 1 |a Accardi, Luigi  |e author  |9 619185 
700 1 |a Frigerio, Alberto  |e author  |9 619186 
700 1 |a Gorini, Vittorio  |e author  |9 619187 
245 1 0 |a Quantum probability and applications to the quantum theory of irreversible processes: proceedings of the International Workshop 
260 |a Berlín  |b Springer-Verlag  |c 1984 
300 |a 411 p 
490 0 |a Lecture notes in mathematics, 1055 
583 |a last modification  |c 19981210 00:00:00  |k Rodrigo Vera 
650 0 0 |a Teoría cuántica  |9 266148 
650 0 0 |a Física cuántica  |9 354949 
650 0 0 |a Matemática aplicada   |9 260236 
650 0 0 |a Probabilidades   |9 260199 
942 |c BK 
945 |a cmena  |d 19981210 00:00:00 
546 |a En Inglés 
536 |a Department of Mathematics of the University of Rome 
536 |a Department of Physics of the University of Milan 
536 |a CNR National Group of Functional Analysis and Applications 
518 |p Workshop on Quantum Probability and Applications to the Quatum Theory of Irreversible Processes, Villa Mondragone, 6 al 11 de Septiembre de 1982 
999 |c 383287  |d 383285 
952 |0 0  |1 0  |4 0  |6 530_120000000000000_ACC_1984  |7 0  |8 A  |9 505363  |a BIBMAT  |b BIBMAT  |d 2020-01-23  |i 1306006  |o 530.12 ACC 1984  |p 1306006  |r 2025-01-07  |w 2020-01-23  |y BK  |k MAT